000 00244nam a2200109Ia 4500
008 190911s9999||||xx |||||||||||||| ||und||
100 _aEdward Angel
245 0 _aComputer Graphics
260 _aUSA
_bPearson
_c1990
300 _a477
942 _cBK
999 _c6962
_d6962